MARC

LEADER 00000nam0a2200000 4500
001 155410
005 20231101221833.0
010 |a  5250015514 
035 |a (RuTPU)RU\TPU\book\168587 
090 |a 155410 
100 |a 20090313d1991 m y0rusy50 ca 
101 0 |a rus 
102 |a RU 
105 |a y z 000zy 
200 1 |a На путях к рыночным отношениям  |e  В. И. Ленин о НЭПе 
210 |a Москва  |c Изд-во политической л-ры  |d  1991 
215 |a 272 с. 
600 1 |a Ленин  |b В. И.  |c настоящая фамилия Ульянов  |c российский политический деятель  |f 1870-1924  |g Владимир Ильич  |2 stltpush  |3 (RuTPU)RU\TPU\pers\1074  |9 486 
610 1 |a НЭП 
610 1 |a новая экономическая политика 
610 1 |a рыночные отношения 
686 |a А155.2:У  |v LBC/SL-A  |2 rubbk 
686 |a Т3(2)713  |v LBC/SL-A  |2 rubbk 
801 1 |a RU  |b 63413507  |c 20090313  |g PSBO 
801 2 |a RU  |b 63413507  |c 20090804  |g PSBO 
942 |c BK